Online
Catalog

Cómo poner precios, presentarlos y defenderlos / (Record no. 35028)

MARC details
000 -CABECERA
campo de control de longitud fija 00446nam a2200157 a 4500
001 - NÚMERO DE CONTROL
campo de control 000035537
005 - FECHA Y HORA DE LA ÚLTIMA TRANSACCIÓN
campo de control 20200930074421.0
008 - DATOS DE LONGITUD FIJA--INFORMACIÓN GENERAL
campo de control de longitud fija 111103s19uu sp 000 0 spa d
020 ## - NÚMERO INTERNACIONAL ESTÁNDAR DEL LIBRO
ISBN cancelado o inválido 8423406247
040 ## - FUENTE DE LA CATALOGACIÓN
Centro catalogador/agencia de origen DO-SdBNP
Lengua de catalogación spa
Centro/agencia transcriptor BNPHU
082 ## - NÚMERO DE LA CLASIFICACIÓN DECIMAL DEWEY
Número de clasificación xxxxx
Número de documento/Ítem W77c
100 1# - ENTRADA PRINCIPAL--NOMBRE DE PERSONA
Nombre de persona Winkler, John
9 (RLIN) 61432
245 10 - MENCIÓN DE TÍTULO
Título Cómo poner precios, presentarlos y defenderlos /
Mención de responsabilidad, etc. John Winkler.
260 ## - PUBLICACIÓN, DISTRIBUCIÓN, ETC.
Lugar de publicación, distribución, etc. Madrid :
Nombre del editor, distribuidor, etc. Deusto,
Fecha de publicación, distribución, etc. [199-?].
300 ## - DESCRIPCIÓN FÍSICA
Extensión 259 p. ;
Dimensiones 25 cm.
Holdings
Estado de retiro Estado de pérdida Restricciones de uso No para préstamo Código de colección Localización permanente Ubicación/localización actual Ubicación en estantería Fecha de adquisición Número de inventario Total de préstamos Signatura topográfica completa Código de barras Fecha visto por última vez Precio válido a partir de Tipo de ítem Koha
      Excluido de préstamo Monografías: Libros y Folletos General General Depósito 03.11.2011 LF1   xxxxx W77c 35537-10 25.06.2020 25.06.2020 No se presta

Powered by Koha